00418nam a2200145Ia 4500003000400000008004100004040001600045082001300061100001800074245006800092260005100160490002400211650001500235650002200250GCL140319s9999 xx 000 0 eng d aGCL / cGCL04a843bA B1 aANOUILH, JEAN10aLE BOULANGER LA BOULANGERE ET LE PETIT MITRON / cANOUILH, JEAN a[S.N] : bEDITIONS DE LA TABLE RONDE ، c1969 aCOLLECTION FOLIOv004aLITERATURE04aFRENCH LITERATURE